Statistics for Games Quiz

Click here to take the quiz!

General Stats

  • This quiz has been taken 5 times
  • The average score is 4 of 7

Answer Stats

HintAnswer% Correct
BlockMinecraft
100%
Many GamesRoblox
100%
Chug jugFortnite
80%
Green slimeTerraria
40%
Shape shifterAMong us
20%
Tack shooterBTD6
20%
MelonMelon playground
20%

Score Distribution

Percentile by Number Answered

Percent of People with Each Score

Your Score History

You have not taken this quiz